Ciencias sociales, geografía e historia

Saved in:
Bibliografiske detaljer
Main Authors: Cáncer, María Pilar (Author), García Encabo, Carmelo (Author), Mainer, Isabel (Author), Mainer, Juan (Author), Maqueda, Ascensión (Author), Méndez, María Angeles (Author)
Format: Bog
Sprog:spansk
Udgivet: Madrid Akal 1996
Serier:ESO
Fag:
Tags: Tilføj Tag
Ingen Tags, Vær først til at tagge denne postø!

MARC

LEADER 00000nam a2200000 a 4500
001 UCO8895
003 CL-VaPUC
008 010105e19960000SP |||||||||||||||||spa|d
082 0 4 |a 372.83  |b CAN  |2 21 
100 0 |a Cáncer, María Pilar  |e author  |9 453795 
700 0 |a García Encabo, Carmelo  |e author  |9 453796 
700 0 |a Mainer, Isabel  |e author  |9 453797 
700 0 |a Mainer, Juan  |e author  |9 453798 
700 0 |a Maqueda, Ascensión  |e author  |9 453799 
700 0 |a Méndez, María Angeles  |e author  |9 453800 
245 1 0 |a Ciencias sociales, geografía e historia 
300 |a 302 p 
942 |c BK 
945 |d 20010105 00:00:00  |a vberengu 
260 |a Madrid  |b Akal  |c 1996 
650 0 |a Enseñanza de la historia   |9 307330 
650 0 |a Enseñanza de la geografía  |9 310005 
650 0 |a Enseñanza de las ciencias sociales  |9 337823 
650 0 |a Métodos de enseñanza  |9 270413 
583 |a last modification  |c 20010105 00:00:00  |k Rodrigo Vera 
490 0 |a ESO 
999 |c 293315  |d 293313 
952 |0 0  |1 0  |4 0  |6 372_830000000000000_CAN_1996  |7 0  |8 A  |9 344776  |a BIBHIS  |b BIBHIS  |d 2019-11-20  |i 3681246  |o 372.83 CAN 1996  |p 3681246  |r 2025-01-20  |w 2019-11-20  |y BK  |k HIS